000 00344nam a2200145Ia 4500
008 230917s9999||||xx |||||||||||||| ||und||
040 _e151846
_aMAIN
041 _aEnglish
082 _a891.2109 S23R
100 _aSharma, Brahmanand
245 0 _aRasalochanam
260 _aJaipur
_bChampa Lal Ranka
_c1985
300 _a78p p.
942 _cBK
999 _c56938
_d56938